| 000 | 00689nam a2200229 i 4500 | ||
|---|---|---|---|
| 001 | 126769 | ||
| 003 | ES-MaACL | ||
| 005 | 20250820122305.0 | ||
| 007 | t| | ||
| 008 | 070214s1966 sp r ||||1| spa d | ||
| 080 | _a241.513 | ||
| 100 | 1 |
_aRetif, Louis. _9182353 |
|
| 245 | 1 | 0 |
_aVivir es dialogar / _cLouis Rétif ; versión castellana de José Mª Totosaus. |
| 260 |
_aBarcelona : _bNova Terra, _c1966. |
||
| 300 |
_a109 p. ; _c16 cm. |
||
| 490 | 1 | _aEl grano de mostaza | |
| 650 | 7 |
_aCaridad _2embne _910780 |
|
| 700 | 1 |
_aTotosaus, Josep Mª, _d1932-2014 _9111112 |
|
| 830 | 1 |
_aEl grano de mostaza _9183872 |
|
| 852 | 4 |
_aES-MaACL _jC-29531 |
|
| 999 |
_c126769 _d126769 |
||